000 00316nam a22001337a 4500
008 171018b xxu||||| |||| 00| 0 eng d
020 _a9780936894850
041 _aeng
080 _a338
100 _a53
101 _aMEN
245 _aSTRATEGIC PLANNING FOR THE NEW AND SMALL BUSINESS
_cFRY,F.L
942 _2udc
_cBK
999 _c34676
_d34676